000 00786nam a2200241 u 4500
001 000545163
003 AM-YeHGA
005 20250618073043.0
008 070716s1989 ||| r 000 0 rus d
020 _a5341002326 (Т. 1)
020 _a5-341-00233-4 (Т. 2)
020 _a5-341-00391-8
040 _aAM-YeHGA
041 1 _arus
_gfre
100 1 _aՀյուգո, Վիկտոր,
_d1802-1885
_95858
245 1 0 _aОтверженные :
_bРоман : В 2 т. /
_cВиктор Гюго.
260 _aМинск :
_bНар. асвета,
_c1989.
300 _a2 т.
505 0 _gТ. 1 (719 с.)
_gТ. 2 (751 с.)
653 0 _aФранция, 19 в. (х. л.)
653 0 _aРеволюционное движение во Франции, 19 в. (х. л.)
090 _c207468
999 _c205968
_d205968